000 00900nam a2200217Ia 4500
005 20240530110938.0
008 140319s2021 ua dhf f 000 0 ara d
017 _a2020/10820
_bمصر. دار الكتب
020 _a9789776784680
040 _aGCL /
_cGCL
082 0 4 _221
_a616.855\
_bا إ
100 0 _aالسيد كامل الشربينى منصور
245 1 0 _aاضطرابات التواصل لدى العاديين وذوى الاحتياجات الخاصة /
_cالسيد كامل الشربينى منصور
250 _aط. 1
260 _aالاسكندرية :
_bدار الوفاء لدنيا الطباعة و النشر،
_c2021.
300 _a460 ص. :
_bايض ؛
_c24 سم.
650 0 7 _aالاطفال بطيئو التعلم
650 0 7 _aالاطفال
_xالاضطرابات النفسية
942 _2ddc
_cBK
999 _c66777
_d66777